000 00747nam a2200205Ia 4500
005 20260121110122.0
008 008 260114s9999 xx 000 0 hin d
020 _a9788132300205
037 _aEBOOK
040 _aCRL
_bhin
_cCRL
041 _ahin
_2hin
084 _qCRL
100 _aमदन पाण्डेय / Madan Pandey
_9942279
245 0 _aगुप्त साम्राज्य: स्थापना एवं साम्राज्य विस्तार / Gupta Samrajya: Sthapna aur Samrajya Vistaar
260 _bभाषा प्रकाशन / Bhasha Prakashan
_c2020
856 _uhttps://bhashaprakashan.com/product-details/377686
942 _cEBOOK
999 _c1533944
_d1533944